|
|
|
|
| LEADER |
00987nab a2200157 i 4500 |
| 001 |
misc4571 |
| 005 |
20191106142931.0 |
| 008 |
170607s1927 hu o 0|| hun d |
| 040 |
|
|
|a SZTE Miscellanea Repozitórium
|b hun
|
| 041 |
|
|
|a hun
|
| 245 |
0 |
0 |
|a Vagyonátruházási illeték. 1920. évi XXXIV. t.-c. 41. és 57. §. 117.303/1923. pümin. rend. 5. §. Az adó- és értékbizonyítványoknak az adásvételi szerződéssel egyidőben való bemutatásának elmulasztása csak bírság kiszabását vonhatja maga után és nem szolgálhat okul a vételár alapján előzetesen befizetett illetéken ielül kiszabott pótilleték utáni, a szerződés bemutatásától számított pótlék követelésére.
|h [elektronikus dokumentum]
|
| 260 |
|
|
|c 1927
|
| 300 |
|
|
|a 113-114b
|
| 490 |
0 |
|
|a Polgári jog : a hazai és külföldi magánjog és hiteljog szemléje
|v 3
|
| 695 |
|
|
|a Polgári jog magyar, Illeték
|
| 856 |
4 |
0 |
|u http://misc.bibl.u-szeged.hu/4571/1/polgari_jog_1927_113-114b.pdf
|z Dokumentum-elérés
|